[Event "G7 Gruppe 1 2011"]
[Site "Odense"]
[Date "2011.04.21"]
[Round "3"]
[White "Bjerre, Lars Gronborg"]
[Black "Andersen, Rune"]
[Result "0-1"]
[WhiteElo "2004"]
[BlackElo "2097"]
[PlyCount "86"]
[EventDate "2011.??.??"]


1. e4 c5 2. Nf3 Nc6 3. d4 cxd4 4. Nxd4 Nf6 5. Nc3 e5 6. Ndb5 d6 7. Bg5 a6 8.
Na3 b5 9. Nd5 Be7 10. Nxe7 Nxe7 11. Qf3 Bg4 12. Qg3 Be6 13. Bd3 Ng6 14. O-O h6
15. Bh4 Nxh4 16. Qxh4 g5 17. Qg3 Nh5 18. Qe3 Nf4 19. Rfd1 Rc8 20. c3 O-O 21.
Rd2 Qe7 22. Bf1 Qc7 23. Rad1 Rfd8 24. h4 Bxa2 25. hxg5 hxg5 26. g3 Ne6 27. Bh3
Qe7 28. Qb6 Bb3 29. Ra1 g4 30. Bxg4 Qg5 31. Bxe6 Bxe6 32. Rad1 Bg4 33. Qxa6 Bf3
34. Rd3 Qh5 35. Rxf3 Qxf3 36. Rxd6 Kg7 37. Qb6 Rh8 38. Rg6+ fxg6 39. Qb7+ Kf6
40. Qb6+ Kg5 41. Qe3+ Qxe3 42. fxe3 Kg4 43. Nxb5 Kxg3 0-1

[Event "G7 Gruppe 1 2011"]
[Site "Odense"]
[Date "2011.04.21"]
[Round "3"]
[White "Skytte, Torill"]
[Black "Mortensen, Henrik"]
[Result "1/2-1/2"]
[WhiteElo "2016"]
[BlackElo "2021"]
[PlyCount "104"]
[EventDate "2011.??.??"]


1. d4 d5 2. Nf3 e6 3. Bf4 f5 4. e3 Nf6 5. h3 Be7 6. Nbd2 c6 7. c4 Ne4 8. Bd3
Nd7 9. O-O O-O 10. Rc1 Nxd2 11. Qxd2 Nf6 12. b4 Bd7 13. a4 Be8 14. c5 Bh5 15.
Ne5 Nd7 16. b5 Nxe5 17. Bxe5 Bf6 18. Bh2 g5 19. bxc6 bxc6 20. Ba6 Rf7 21. Rb1
Qe8 22. Bb7 Rd8 23. Qa5 f4 24. Qxa7 e5 25. Qb6 exd4 26. Bxc6 Qe4 27. exd4 Be2
28. Rfe1 f3 29. Bb5 Rdf8 30. Be5 Bxe5 31. dxe5 fxg2 32. Rxe2 Qxb1+ 33. Kxg2 Qf5
34. c6 Qf3+ 35. Kh2 g4 36. Qe3 Qxe3 37. fxe3 Rf2+ 38. Rxf2 Rxf2+ 39. Kg3 Rf3+
40. Kxg4 Rxe3 41. e6 Kf8 42. Kf4 Rxh3 43. Ke5 Ke7 44. Kxd5 Rh5+ 45. Kc4 Kd6 46.
e7 Kxe7 47. c7 Rh1 48. Kc5 Rc1+ 49. Kb6 Kd6 50. a5 Rxc7 51. a6 h5 52. a7 Rxa7
1/2-1/2

[Event "G7 Gruppe 1 2011"]
[Site "Odense"]
[Date "2011.04.21"]
[Round "3"]
[White "Ostergaard, Rasmus"]
[Black "Jensen, Morten Frank"]
[Result "0-1"]
[WhiteElo "2085"]
[BlackElo "1997"]
[PlyCount "42"]
[EventDate "2011.??.??"]


1. d4 Nc6 2. d5 Ne5 3. e4 e6 4. f4 Ng6 5. dxe6 fxe6 6. Nf3 Bb4+ 7. c3 Bc5 8.
Bd3 Nh4 9. Nxh4 Qxh4+ 10. g3 Qe7 11. Nd2 Nf6 12. e5 Nd5 13. Ne4 b6 14. Qe2 Bb7
15. b4 Nxc3 16. Nxc3 Bxb4 17. O-O Bxc3 18. Rb1 Qc5+ 19. Be3 Qc6 20. Qh5+ Ke7
21. Qh4+ Kf7 0-1

[Event "G7 Gruppe 1 2011"]
[Site "Odense"]
[Date "2011.04.21"]
[Round "3"]
[White "Nielsen, Klaus"]
[Black "Christensen, Esben"]
[Result "1-0"]
[WhiteElo "2035"]
[BlackElo "2009"]
[PlyCount "101"]
[EventDate "2011.??.??"]


1. d4 Nf6 2. Nf3 g6 3. Nc3 Bg7 4. e4 d6 5. h3 O-O 6. Be3 c6 7. a4 Qc7 8. Be2 e5
9. O-O Re8 10. dxe5 dxe5 11. Qc1 Bf8 12. Bc4 Be6 13. Bxe6 Rxe6 14. Ng5 Re8 15.
f4 Nbd7 16. fxe5 Qxe5 17. Kh1 h6 18. Nf3 Qh5 19. e5 Ng4 20. Bf4 Ngxe5 21. Nxe5
Nxe5 22. Ne4 Bg7 23. Ra3 Nc4 24. Ng3 Qd5 25. Rd3 Bxb2 26. Qb1 Qa5 27. Bxh6 Rad8
28. Rb3 Be5 29. Rbf3 Rd7 30. Ne4 Nd6 31. Nxd6 Bxd6 32. Qb3 Qc7 33. Bg5 Be5 34.
Re3 Qd6 35. Qc4 Re6 36. Qg4 Qd4 37. Re4 Qd5 38. Re3 Qc5 39. h4 Rd4 40. Qf3 Rd7
41. Qe2 Rd5 42. Qf3 Rd7 43. Rd3 Red6 44. Re3 f6 45. Bf4 Bxf4 46. Qxf4 Qxc2 47.
Qh6 Rg7 48. Re8+ Kf7 49. Qh8 g5 50. h5 Rh7 51. Qg8# 1-0

[Event "G7 Gruppe 1 2011"]
[Site "Odense"]
[Date "2011.04.21"]
[Round "3"]
[White "Karstensen, Christian"]
[Black "Jensen, Leif"]
[Result "0-1"]
[WhiteElo "1922"]
[BlackElo "1947"]
[PlyCount "78"]
[EventDate "2011.??.??"]


1. e4 e6 2. d4 d5 3. Nc3 dxe4 4. Nxe4 Nd7 5. Nf3 Ngf6 6. Nxf6+ Nxf6 7. Bd3 c5
8. dxc5 Bxc5 9. Bd2 Qb6 10. Qe2 Qxb2 11. O-O Qa3 12. Ng5 h6 13. Ne4 Be7 14.
Rab1 a6 15. Rfd1 Qa4 16. Qf3 Nd7 17. Qg4 Kf8 18. Bc3 e5 19. Qg3 f6 20. Qg6 Qxa2
21. Rb3 Qa4 22. Rb4 Bxb4 23. Bc4 Ke7 24. Qxg7+ Kd8 25. Bxb4 Qxb4 26. Be6 Kc7
27. Qxh8 Qxe4 28. Bxd7 Qe2 29. Rf1 Kxd7 30. Qxf6 a5 31. Qxh6 a4 32. f4 Kc7 33.
f5 a3 34. Qc1 a2 35. Qa1 Qe3+ 36. Kh1 Qd4 37. c3 Qd3 38. Re1 Bxf5 39. c4 Qd4
0-1

[Event "G7 Gruppe 1 2011"]
[Site "Odense"]
[Date "2011.04.21"]
[Round "3"]
[White "Pedersen, Niels"]
[Black "Schoning, Lars"]
[Result "1-0"]
[WhiteElo "1885"]
[BlackElo "1927"]
[PlyCount "115"]
[EventDate "2011.??.??"]


1. e4 c5 2. Nf3 d6 3. d4 cxd4 4. Nxd4 Nf6 5. Nc3 a6 6. Be2 e6 7. Be3 Be7 8. Qd2
b5 9. O-O-O Bb7 10. f3 Nbd7 11. a3 Rc8 12. g4 Nb6 13. g5 Nfd7 14. h4 Ne5 15.
Kb1 Nec4 16. Bxc4 Nxc4 17. Qd3 Ne5 18. Qe2 Rxc3 19. bxc3 Nc4 20. Bc1 d5 21.
exd5 Bxd5 22. Nc6 Qd6 23. Nb4 O-O 24. Rhe1 Bd8 25. Bb2 Bb6 26. Nxd5 exd5 27.
Qe7 Qc6 28. Ka2 Bf2 29. Qe2 Bxe1 30. Rxe1 Rc8 31. Qd3 a5 32. h5 b4 33. cxb4
Nxb2 34. Kxb2 axb4 35. axb4 Ra8 36. h6 gxh6 37. gxh6 Qxh6 38. Rg1+ Kf8 39. Qxd5
Qf6+ 40. c3 Rc8 41. Rc1 Qa6 42. Rd1 Qe2+ 43. Rd2 Qe3 44. Qd6+ Qe7 45. Qh6+ Ke8
46. Qxh7 Qe6 47. Qe4 Ke7 48. Qd3 Kf6 49. Qd4+ Kf5 50. Qg4+ Kf6 51. Qh4+ Kg7 52.
Qg4+ Qxg4 53. fxg4 Kg6 54. b5 Kg5 55. Rd4 Kf6 56. Kb3 Ke5 57. Kb4 Rc7 58. Rd8
1-0

[Event "G7 Gruppe 1 2011"]
[Site "Odense"]
[Date "2011.04.22"]
[Round "4"]
[White "Hansen, Martin Strandby"]
[Black "Paaske, Asger"]
[Result "1/2-1/2"]
[WhiteElo "2106"]
[BlackElo "2042"]
[PlyCount "47"]
[EventDate "2011.??.??"]


1. d4 Nf6 2. Bg5 e6 3. e3 c5 4. c3 Qb6 5. Qb3 d5 6. Nd2 Nbd7 7. Ngf3 Bd6 8. Be2
O-O 9. O-O Re8 10. Rfe1 Qc7 11. Qc2 e5 12. dxe5 Nxe5 13. Nxe5 Bxe5 14. f4 Bd6
15. Bxf6 gxf6 16. Bd3 h6 17. Nf3 Bd7 18. Rad1 Re7 19. Qf2 Rae8 20. Qg3+ Kh8 21.
Qh4 Kg7 22. Qg3+ Kh8 23. Qh4 Kg7 24. Qg3+ 1/2-1/2

[Event "G7 Gruppe 1 2011"]
[Site "Odense"]
[Date "2011.04.22"]
[Round "4"]
[White "Andersen, Rune"]
[Black "Willumsen, Niels Henrik"]
[Result "1-0"]
[WhiteElo "2097"]
[BlackElo "2152"]
[PlyCount "47"]
[EventDate "2011.??.??"]


1. d4 d5 2. c4 c6 3. Nf3 Nf6 4. Qc2 dxc4 5. Qxc4 Be6 6. Qd3 c5 7. e4 Nc6 8. d5
Nb4 9. Qb3 Bd7 10. Nc3 a5 11. a3 e6 12. axb4 axb4 13. Rxa8 Qxa8 14. dxe6 fxe6
15. Bb5 bxc3 16. Qxe6+ Be7 17. Bxd7+ Nxd7 18. O-O cxb2 19. Bxb2 Qa6 20. Qh3 Qg6
21. Rd1 Nb6 22. Ne5 Qg5 23. Qb3 Qf6 24. Qb5+ 1-0

[Event "G7 Gruppe 1 2011"]
[Site "Odense"]
[Date "2011.04.22"]
[Round "4"]
[White "Jensen, Morten Frank"]
[Black "Molvig, Henrik"]
[Result "1/2-1/2"]
[WhiteElo "1997"]
[BlackElo "2167"]
[PlyCount "38"]
[EventDate "2011.??.??"]


1. f4 d5 2. Nf3 Nf6 3. g3 g6 4. Bg2 Bg7 5. O-O O-O 6. d3 b6 7. c3 Bb7 8. Na3
Nbd7 9. Nh4 Rb8 10. Qc2 e5 11. f5 Ne8 12. fxg6 fxg6 13. Bd2 Nd6 14. Rxf8+ Qxf8
15. Rf1 Qe7 16. c4 d4 17. Bxb7 Rxb7 18. e4 Bf6 19. Nf3 c5 1/2-1/2

[Event "G7 Gruppe 1 2011"]
[Site "Odense"]
[Date "2011.04.22"]
[Round "4"]
[White "Christiansen, Jens Jorgen"]
[Black "Rossen, Claus"]
[Result "1-0"]
[WhiteElo "2058"]
[BlackElo "2152"]
[PlyCount "119"]
[EventDate "2011.??.??"]


1. d4 Nf6 2. Nf3 g6 3. c4 Bg7 4. Nc3 d5 5. cxd5 Nxd5 6. e4 Nxc3 7. bxc3 c5 8.
Bb5+ Bd7 9. Bxd7+ Qxd7 10. O-O O-O 11. Be3 Rd8 12. Rb1 Nc6 13. d5 Na5 14. Bxc5
Bxc3 15. Qd3 Bg7 16. Qa3 b6 17. Bxe7 Re8 18. d6 Rac8 19. Rfd1 Rc3 20. Qb4 Nc6
21. Qa4 Rc5 22. Rbc1 b5 23. Qa3 Rxc1 24. Rxc1 Nxe7 25. Rc7 Qe6 26. Rxe7 Rxe7
27. dxe7 Bf6 28. e5 Qxe7 29. Qe3 Bg7 30. h4 h6 31. Qd3 a6 32. Qe4 Qe6 33. a4
Qc4 34. Qxc4 bxc4 35. Kf1 f6 36. exf6 Bxf6 37. Ke2 Kf7 38. Nd2 Ke6 39. Nxc4
Bxh4 40. g3 Bf6 41. Kd3 Kd5 42. Nd2 h5 43. Ne4 Be7 44. f4 Bb4 45. Nf6+ Ke6 46.
Ne4 Kf5 47. Ke3 Kg4 48. Kf2 h4 49. Nf6+ Kf5 50. Nd5 Bd6 51. Kf3 h3 52. Ne3+ Ke6
53. Nc4 Bc7 54. Ne3 Kd6 55. g4 Kc5 56. f5 gxf5 57. gxf5 Bd6 58. f6 Kb4 59. a5
Kxa5 60. Nc4+ 1-0

[Event "G7 Gruppe 1 2011"]
[Site "Odense"]
[Date "2011.04.22"]
[Round "4"]
[White "Mortensen, Henrik"]
[Black "Nielsen, Klaus"]
[Result "1/2-1/2"]
[WhiteElo "2021"]
[BlackElo "2035"]
[PlyCount "47"]
[EventDate "2011.??.??"]


1. d4 d5 2. Nf3 Nf6 3. e3 c6 4. Bd3 Bg4 5. Nbd2 Nbd7 6. O-O e5 7. dxe5 Nxe5 8.
Be2 Nxf3+ 9. Bxf3 Bf5 10. b3 Bd6 11. Bb2 Qc7 12. g3 O-O-O 13. Bxf6 gxf6 14. Bg4
Be6 15. Qf3 Be5 16. Rad1 h5 17. Bxe6+ fxe6 18. c4 h4 19. Kg2 hxg3 20. hxg3 dxc4
21. Nxc4 Rxd1 22. Rxd1 Bc3 23. e4 Be5 24. Nxe5 1/2-1/2

[Event "G7 Gruppe 1 2011"]
[Site "Odense"]
[Date "2011.04.22"]
[Round "4"]
[White "Andersen, Rune Egede"]
[Black "Bruun, Henrik Emil"]
[Result "1-0"]
[WhiteElo "2026"]
[BlackElo "1965"]
[PlyCount "39"]
[EventDate "2011.??.??"]


1. e4 d6 2. d4 Nf6 3. Nc3 g6 4. Be3 Bg7 5. Qd2 O-O 6. O-O-O c6 7. Bh6 b5 8. f3
b4 9. Nce2 Bxh6 10. Qxh6 Qa5 11. Kb1 Na6 12. Nc1 c5 13. e5 Nd5 14. Nb3 Qa4 15.
dxc5 Nc3+ 16. bxc3 bxc3 17. Bxa6 Bxa6 18. exd6 exd6 19. Rd4 Qb5 20. Nh3 1-0

[Event "G7 Gruppe 1 2011"]
[Site "Odense"]
[Date "2011.04.22"]
[Round "4"]
[White "Vesterli, Michael E"]
[Black "Skytte, Torill"]
[Result "1-0"]
[WhiteElo "1908"]
[BlackElo "2016"]
[PlyCount "73"]
[EventDate "2011.??.??"]


1. d4 d5 2. c4 e6 3. Nc3 c5 4. Nf3 Nc6 5. Bf4 a6 6. e3 Nf6 7. Be2 Be7 8. O-O
O-O 9. Rc1 dxc4 10. dxc5 Bxc5 11. Bxc4 b5 12. Nxb5 axb5 13. Bxb5 Qb6 14. Bxc6
Rxa2 15. Ne5 Ba6 16. Bg5 Bxf1 17. Bxf6 Qxb2 18. Qxf1 gxf6 19. Nd3 Qb6 20. Rxc5
Rc8 21. Bd5 Rxc5 22. Bxa2 Ra5 23. Qe2 Qa6 24. Bb1 Ra1 25. Qc2 Qb5 26. Nb2 f5
27. g3 Qb7 28. h3 h5 29. h4 Kh7 30. Kh2 Kg6 31. Qc1 Qb6 32. Bxf5+ exf5 33. Qxa1
Qf6 34. Qc1 Qa6 35. Qc2 Qf1 36. Nd3 Kh7 37. Nf4 1-0

[Event "G7 Gruppe 1 2011"]
[Site "Odense"]
[Date "2011.04.22"]
[Round "4"]
[White "Aagaard, Gert"]
[Black "Pedersen, Niels"]
[Result "1/2-1/2"]
[WhiteElo "1964"]
[BlackElo "1885"]
[PlyCount "153"]
[EventDate "2011.??.??"]


1. d4 Nf6 2. c4 e6 3. g3 d5 4. Qc2 c6 5. Nf3 Bd6 6. b3 O-O 7. Bg2 Nbd7 8. Bb2
Ne4 9. O-O f5 10. Ne5 Bxe5 11. dxe5 Qc7 12. Bxe4 fxe4 13. Ba3 c5 14. cxd5 exd5
15. e6 Nf6 16. Qxc5 Qxc5 17. Bxc5 Re8 18. e7 b6 19. Bd6 Ba6 20. Re1 Rac8 21. a4
Rc6 22. Bb4 Kf7 23. Na3 Rec8 24. Nb5 Bxb5 25. axb5 R6c7 26. Red1 Ke6 27. e3 Ng8
28. Ra2 Nxe7 29. Kg2 Rd7 30. Kf1 Ng6 31. Ke2 Ne5 32. Rda1 Nd3 33. Bd2 Rcc7 34.
f4 Kf5 35. h3 g5 36. g4+ Kf6 37. f5 h5 38. Kf1 hxg4 39. hxg4 Rh7 40. Kg2 Ne5
41. Kg3 Rh4 42. Rxa7 Rxg4+ 43. Kh3 Rh4+ 44. Kg3 Rhh7 45. R7a6 Nd7 46. Rc1 Rxc1
47. Bxc1 Kxf5 48. Bb2 Ne5 49. Rxb6 g4 50. Bd4 Rh3+ 51. Kg2 Nf3 52. Bc5 Rh2+ 53.
Kg3 Rh3+ 54. Kg2 Ne1+ 55. Kf1 Rh1+ 56. Ke2 g3 57. Be7 g2 58. Rf6+ Ke5 59. Rg6
g1=Q 60. Bd6+ Kf5 61. Rxg1 Rxg1 62. b6 Nd3 63. b7 Rg8 64. b8=Q Rxb8 65. Bxb8
Nc5 66. Kd2 Nxb3+ 67. Kc3 Na5 68. Bc7 Nc6 69. Bb6 Kg4 70. Bc5 Kf3 71. Bb6 Ke2
72. Bc5 Kf3 73. Bb6 Ne7 74. Kd4 Nf5+ 75. Kxd5 Nxe3+ 76. Kd4 Nd1 77. Kc4 1/2-1/2

[Event "G7 Gruppe 1 2011"]
[Site "Odense"]
[Date "2011.04.22"]
[Round "4"]
[White "Christensen, Esben"]
[Black "Ostergaard, Rasmus"]
[Result "1/2-1/2"]
[WhiteElo "2009"]
[BlackElo "2085"]
[PlyCount "64"]
[EventDate "2011.??.??"]


1. e4 e5 2. Nf3 Nf6 3. Nc3 Nc6 4. d4 exd4 5. Nxd4 Bb4 6. Nxc6 bxc6 7. Bd3 d5 8.
exd5 cxd5 9. O-O O-O 10. Bg5 c6 11. Ne2 Bg4 12. c3 Bd6 13. h3 Bh5 14. Qc2 Bg6
15. Nd4 Bc7 16. g3 c5 17. Bxg6 hxg6 18. Ne2 Qd7 19. Kh2 Ne4 20. Be3 Rfe8 21.
Rad1 Rad8 22. Rfe1 Qf5 23. Bf4 Bb6 24. g4 Qf6 25. Kg2 d4 26. f3 Ng5 27. h4 Ne6
28. Bg3 g5 29. hxg5 Nxg5 30. Qf5 Qh6 31. Nf4 Ne6 32. Nd5 Qg6 1/2-1/2

[Event "G7 Gruppe 1 2011"]
[Site "Odense"]
[Date "2011.04.22"]
[Round "4"]
[White "Schoning, Lars"]
[Black "Karstensen, Christian"]
[Result "0-1"]
[WhiteElo "1927"]
[BlackElo "1922"]
[PlyCount "90"]
[EventDate "2011.??.??"]


1. d4 Nf6 2. c4 e6 3. Nc3 Bb4 4. Qc2 b6 5. a3 Bxc3+ 6. Qxc3 Bb7 7. Nf3 d6 8. e3
Qe7 9. Bd3 Nbd7 10. O-O e5 11. dxe5 dxe5 12. Be2 Ne4 13. Qc2 f5 14. b4 O-O 15.
Bb2 Ng5 16. Qd1 Rad8 17. Nxg5 Qxg5 18. Bf3 e4 19. Be2 Ne5 20. Bxe5 Rxd1 21.
Raxd1 Qe7 22. Bc3 g5 23. Rd2 Rd8 24. Rxd8+ Qxd8 25. Rd1 Qe7 26. c5 h6 27. Bd4
f4 28. Rc1 Bd5 29. a4 f3 30. Bf1 g4 31. cxb6 cxb6 32. Rc8+ Kh7 33. h3 gxh3 34.
gxf3 Qh4 35. Rc7+ Kg8 36. Rg7+ Kf8 37. Rg3 h2+ 38. Kh1 exf3 39. a5 Qe4 40. Kxh2
Qb1 41. Ba6 Qxb4 42. Rg6 Qxa5 43. Bc8 Qe1 44. Rf6+ Ke7 45. e4 Qxe4 0-1

[Event "G7 Gruppe 1 2011"]
[Site "Odense"]
[Date "2011.04.23"]
[Round "5"]
[White "Christiansen, Jens Jorgen"]
[Black "Hansen, Martin Strandby"]
[Result "0-1"]
[WhiteElo "2058"]
[BlackElo "2106"]
[PlyCount "62"]
[EventDate "2011.??.??"]


1. d4 d6 2. e4 Nf6 3. Bd3 e5 4. c3 Be7 5. Nf3 Nbd7 6. O-O c6 7. a4 b6 8. b4 a6
9. Re1 O-O 10. Nbd2 Re8 11. Bb2 Qc7 12. Nc4 Bf8 13. Qc2 Bb7 14. Ne3 g6 15. a5
b5 16. c4 Rac8 17. dxe5 dxe5 18. c5 Nh5 19. g3 Bg7 20. Rad1 Rcd8 21. Be2 Bc8
22. Rd3 Bf8 23. Red1 Be7 24. Qc3 f6 25. Qb3+ Kh8 26. Kg2 Nf8 27. Rxd8 Rxd8 28.
Rxd8 Bxd8 29. Qd3 Be7 30. Bd1 Ne6 31. Bb3 Nef4+ 0-1

[Event "G7 Gruppe 1 2011"]
[Site "Odense"]
[Date "2011.04.23"]
[Round "5"]
[White "Paaske, Asger"]
[Black "Haubro, Sigfred"]
[Result "1-0"]
[WhiteElo "2042"]
[BlackElo "2101"]
[PlyCount "119"]
[EventDate "2011.??.??"]


1. e4 e5 2. Nf3 d6 3. d4 exd4 4. Nxd4 Nf6 5. Nc3 Be7 6. Be2 O-O 7. O-O Nc6 8.
Nxc6 bxc6 9. f4 Rb8 10. Bf3 Ne8 11. b3 Bd7 12. Qe2 g6 13. Bb2 Ng7 14. Rad1 Re8
15. Qc4 Bf8 16. g3 Bh3 17. Rfe1 Qd7 18. Ne2 Rb5 19. a4 Rbb8 20. Nd4 c5 21. Nb5
a6 22. Nc3 Be6 23. Nd5 Bxd5 24. Rxd5 Rb4 25. Qc3 f5 26. exf5 Rxe1+ 27. Qxe1 c6
28. Rd2 gxf5 29. Re2 d5 30. Kg2 d4 31. Ba3 Rb8 32. Qa5 d3 33. Rd2 Qe6 34. Rxd3
c4 35. Rd8 Rxd8 36. Qxd8 Ne8 37. Bxf8 Kxf8 38. Bh5 cxb3 39. cxb3 a5 40. Qxe8+
Qxe8 41. Bxe8 Kxe8 42. Kf3 Ke7 43. g4 fxg4+ 44. Kxg4 Kf6 45. f5 h6 46. Kf4 h5
47. h4 c5 48. Ke4 Ke7 49. Ke5 Kf7 50. f6 Kf8 51. Kd5 Kf7 52. Kxc5 Kxf6 53. Kb5
Kf5 54. Kxa5 Kg4 55. Kb6 Kxh4 56. a5 Kg3 57. a6 h4 58. a7 h3 59. a8=Q h2 60.
Qh1 1-0

[Event "G7 Gruppe 1 2011"]
[Site "Odense"]
[Date "2011.04.23"]
[Round "5"]
[White "Molvig, Henrik"]
[Black "Andersen, Rune"]
[Result "1/2-1/2"]
[WhiteElo "2167"]
[BlackElo "2097"]
[PlyCount "45"]
[EventDate "2011.??.??"]


1. d4 d5 2. c4 c6 3. Nf3 Nf6 4. Nc3 e6 5. Bg5 h6 6. Bh4 dxc4 7. e4 g5 8. Bg3 b5
9. h4 g4 10. Ne5 Rg8 11. Be2 h5 12. a3 Bb7 13. O-O Nbd7 14. f4 Be7 15. Qd2 c5
16. d5 b4 17. dxe6 fxe6 18. Nxd7 Qxd7 19. Qxd7+ Kxd7 20. Rad1+ Kc6 21. e5 bxc3
22. exf6 Bxf6 23. bxc3 1/2-1/2

[Event "G7 Gruppe 1 2011"]
[Site "Odense"]
[Date "2011.04.23"]
[Round "5"]
[White "Willumsen, Niels Henrik"]
[Black "Jensen, Morten Frank"]
[Result "0-1"]
[WhiteElo "2152"]
[BlackElo "1997"]
[PlyCount "74"]
[EventDate "2011.??.??"]


1. e4 Nc6 2. Nf3 d6 3. d4 Nf6 4. Nc3 Bg4 5. d5 Nb8 6. Be3 g6 7. Be2 c6 8. a4
Bg7 9. a5 O-O 10. a6 bxa6 11. O-O c5 12. e5 Ne8 13. e6 fxe6 14. dxe6 Nc6 15. h3
Bxe6 16. Ng5 Bd7 17. Bc4+ Kh8 18. Nf7+ Rxf7 19. Bxf7 Rb8 20. Qc1 Nb4 21. Bh6
Nf6 22. Bxg7+ Kxg7 23. Bc4 Bf5 24. g4 Bxc2 25. Na2 Be4 26. Nxb4 Rxb4 27. Rxa6
Qb8 28. g5 Ne8 29. b3 d5 30. Qa1+ d4 31. Rxa7 Kf8 32. f4 Qc8 33. Kh2 Nd6 34.
Re1 Qf5 35. Kg3 Nxc4 36. Ra8+ Kf7 37. Qa7 Rxb3+ 0-1

[Event "G7 Gruppe 1 2011"]
[Site "Odense"]
[Date "2011.04.23"]
[Round "5"]
[White "Grubert, Christian"]
[Black "Andersen, Rune Egede"]
[Result "1/2-1/2"]
[WhiteElo "2057"]
[BlackElo "2026"]
[PlyCount "41"]
[EventDate "2011.??.??"]


1. e4 e6 2. d3 c5 3. Nf3 Nc6 4. g3 g6 5. Bg2 Bg7 6. O-O Nge7 7. Nc3 d5 8. exd5
exd5 9. Bf4 O-O 10. Qd2 Nf5 11. Rfe1 Be6 12. Ne5 Rc8 13. Nxc6 Rxc6 14. Be5 Bh6
15. Qd1 Qd7 16. Bf6 Nd4 17. Be5 Rd8 18. b4 cxb4 19. Bxd4 bxc3 20. Qe2 Bg7 21.
Bxg7 1/2-1/2

[Event "G7 Gruppe 1 2011"]
[Site "Odense"]
[Date "2011.04.23"]
[Round "5"]
[White "Mortensen, Henrik"]
[Black "Vesterli, Michael E"]
[Result "1-0"]
[WhiteElo "2021"]
[BlackElo "1908"]
[PlyCount "63"]
[EventDate "2011.??.??"]


1. e4 c5 2. Nf3 d6 3. d4 cxd4 4. Nxd4 Nf6 5. f3 g6 6. c4 Bg7 7. Be3 O-O 8. Nc3
b6 9. Be2 Bb7 10. O-O Nc6 11. Nc2 Rc8 12. Qd2 Nd7 13. Rab1 f5 14. exf5 Rxf5 15.
f4 Na5 16. b3 Nc6 17. Rbd1 e6 18. Ne4 d5 19. Nd6 Nc5 20. Bxc5 bxc5 21. Nxc8
Qxc8 22. Bg4 Rf8 23. cxd5 Nd8 24. dxe6 Nxe6 25. Rfe1 Re8 26. Qd6 Kf7 27. f5
gxf5 28. Bh5+ Kf6 29. Bxe8 Qxe8 30. Qe5+ Kf7 31. Qxf5+ Bf6 32. Qh5+ 1-0

[Event "G7 Gruppe 1 2011"]
[Site "Odense"]
[Date "2011.04.23"]
[Round "5"]
[White "Rossen, Claus"]
[Black "Aagaard, Gert"]
[Result "1/2-1/2"]
[WhiteElo "2152"]
[BlackElo "1964"]
[PlyCount "70"]
[EventDate "2011.??.??"]


1. e4 c6 2. d4 d5 3. f3 e5 4. Nc3 dxe4 5. dxe5 Qxd1+ 6. Kxd1 exf3 7. Nxf3 Bg4
8. h3 Bxf3+ 9. gxf3 Nd7 10. Bf4 Ne7 11. Bd3 Nc5 12. Ne4 Nd5 13. Bd2 Ne6 14. Rg1
h6 15. c3 O-O-O 16. Kc2 g6 17. Bc4 Be7 18. Raf1 b5 19. Bb3 c5 20. Bxd5 Rxd5 21.
f4 Rhd8 22. f5 Ng5 23. Bxg5 hxg5 24. Nd6+ Bxd6 25. exd6 R8xd6 26. fxg6 fxg6 27.
Rg2 c4 28. b3 cxb3+ 29. Kxb3 Kb7 30. Rfg1 Rd3 31. Rxg5 Rc6 32. Rxb5+ Ka6 33.
Rb4 Rdxc3+ 34. Ka4 Rxh3 35. Rbg4 g5 1/2-1/2

[Event "G7 Gruppe 1 2011"]
[Site "Odense"]
[Date "2011.04.23"]
[Round "5"]
[White "Bjerre, Lars Gronborg"]
[Black "Karstensen, Christian"]
[Result "1-0"]
[WhiteElo "2004"]
[BlackElo "1922"]
[PlyCount "63"]
[EventDate "2011.??.??"]


1. e4 c5 2. c3 e6 3. d4 d5 4. e5 Nc6 5. Nf3 Bd7 6. a3 Rc8 7. b4 cxd4 8. cxd4 a6
9. Bb2 f6 10. Bd3 g6 11. exf6 Nxf6 12. Qe2 Bg7 13. O-O O-O 14. Nbd2 Nh5 15. g3
Qf6 16. Ne5 Nxe5 17. dxe5 Qe7 18. Bd4 Qf7 19. f4 Rfe8 20. Nb3 Bf8 21. Na5 b5
22. Bc5 Ng7 23. Nb7 Bc6 24. Nd6 Bxd6 25. exd6 Red8 26. a4 Qb7 27. Bd4 Qd7 28.
Qe5 Ra8 29. Rfc1 Rac8 30. axb5 axb5 31. Ra7 Bb7 32. Rc7 1-0

[Event "G7 Gruppe 1 2011"]
[Site "Odense"]
[Date "2011.04.23"]
[Round "5"]
[White "Bruun, Henrik Emil"]
[Black "Jensen, Leif"]
[Result "1-0"]
[WhiteElo "1965"]
[BlackElo "1947"]
[PlyCount "71"]
[EventDate "2011.??.??"]


1. e4 e6 2. d4 d5 3. Nd2 dxe4 4. Nxe4 Nd7 5. Nf3 Ngf6 6. Nxf6+ Nxf6 7. Bd3 c5
8. dxc5 Bxc5 9. Bd2 O-O 10. Qe2 b6 11. O-O Bb7 12. Rfd1 Qc7 13. h3 Rfd8 14. b4
Be7 15. c4 Nd7 16. Ng5 Nf8 17. Ne4 Ng6 18. Rac1 Nf4 19. Bxf4 Qxf4 20. g3 Qe5
21. c5 Rxd3 22. Rxd3 Qxe4 23. Qxe4 Bxe4 24. Rd7 Kf8 25. c6 Ke8 26. b5 Bc5 27.
Re1 Bg6 28. Red1 Bc2 29. R1d2 Ba4 30. Rb7 Bxb5 31. c7 Rc8 32. Rb8 Bd7 33. Rxc8+
Bxc8 34. Rd8+ Ke7 35. Rxc8 Bd6 36. Re8+ 1-0

[Event "G7 Gruppe 1 2011"]
[Site "Odense"]
[Date "2011.04.23"]
[Round "5"]
[White "Pedersen, Niels"]
[Black "Christensen, Esben"]
[Result "1/2-1/2"]
[WhiteElo "1885"]
[BlackElo "2009"]
[PlyCount "73"]
[EventDate "2011.??.??"]


1. e4 c5 2. Nf3 d6 3. d4 cxd4 4. Nxd4 Nf6 5. Nc3 a6 6. Be2 e6 7. Be3 Be7 8. Qd2
b5 9. f3 Bb7 10. O-O-O Qc7 11. Bxb5+ axb5 12. Ndxb5 Qc6 13. Nxd6+ Bxd6 14. Qxd6
Qxd6 15. Rxd6 O-O 16. Rhd1 Nc6 17. a4 h6 18. b3 Rfc8 19. Kb2 Na5 20. Nb5 Bc6
21. Na7 Rc7 22. Rd8+ Rxd8 23. Rxd8+ Kh7 24. Bb6 Rb7 25. Bxa5 Rxa7 26. Bb6 Rd7
27. Rc8 Bb7 28. Rb8 Nh5 29. b4 f5 30. exf5 exf5 31. b5 Nf4 32. g3 Nd5 33. Bc5
Nf6 34. f4 Be4 35. Rc8 Bb7 36. Rb8 Be4 37. Rc8 1/2-1/2

[Event "G7 Gruppe 1 2011"]
[Site "Odense"]
[Date "2011.04.23"]
[Round "5"]
[White "Ostergaard, Rasmus"]
[Black "Schoning, Lars"]
[Result "1/2-1/2"]
[WhiteElo "2085"]
[BlackElo "1927"]
[PlyCount "89"]
[EventDate "2011.??.??"]


1. e4 c5 2. Nf3 d6 3. d4 cxd4 4. Nxd4 Nf6 5. Nc3 a6 6. Be3 e6 7. f3 b5 8. Qd2
Nbd7 9. O-O-O Bb7 10. g4 Nb6 11. g5 Nfd7 12. h4 Rc8 13. Bd3 Be7 14. h5 Ne5 15.
f4 Nec4 16. Qf2 Nxe3 17. Qxe3 Rxc3 18. bxc3 Na4 19. Ne2 Qc7 20. g6 Bf6 21.
gxf7+ Kxf7 22. e5 dxe5 23. fxe5 Bxe5 24. Bg6+ Ke7 25. Be4 Nxc3 26. Bxb7 Nxe2+
27. Qxe2 Bf4+ 28. Kb1 Qxb7 29. Qg4 Rf8 30. Rhe1 Qc6 31. Qxg7+ Rf7 32. Qd4 e5
33. Rxe5+ Bxe5 34. Qxe5+ Qe6 35. Qc7+ Kf6 36. Rf1+ Kg7 37. h6+ Kf8 38. Qd8+ Qe8
39. Qd6+ Qe7 40. Qb8+ Qe8 41. Qd6+ Qe7 42. Rd1 Rf6 43. Qb8+ Kf7 44. Rg1 Qb4+
45. Kc1 1/2-1/2

[Event "G7 Gruppe 1 2011"]
[Site "Odense"]
[Date "2011.04.24"]
[Round "6"]
[White "Hansen, Martin Strandby"]
[Black "Andersen, Rune"]
[Result "1/2-1/2"]
[WhiteElo "2106"]
[BlackElo "2097"]
[PlyCount "53"]
[EventDate "2011.??.??"]


1. Nf3 Nf6 2. b3 d6 3. Bb2 e5 4. d3 g6 5. g3 Bg7 6. Bg2 O-O 7. O-O Nc6 8. c4
Bd7 9. Nc3 Ne8 10. Nd5 e4 11. Bxg7 exf3 12. Bxf8 fxg2 13. Kxg2 Kxf8 14. Qd2 Ne5
15. d4 Ng4 16. f3 Ngf6 17. Nc3 Ng7 18. h3 Qe7 19. e4 a5 20. a3 Ne6 21. d5 Nc5
22. b4 Nb3 23. Qh6+ Kg8 24. Rab1 a4 25. Qe3 b6 26. f4 Re8 27. Rbe1 1/2-1/2

[Event "G7 Gruppe 1 2011"]
[Site "Odense"]
[Date "2011.04.24"]
[Round "6"]
[White "Jensen, Morten Frank"]
[Black "Paaske, Asger"]
[Result "1/2-1/2"]
[WhiteElo "1997"]
[BlackElo "2042"]
[PlyCount "40"]
[EventDate "2011.??.??"]


1. f4 g6 2. Nf3 d5 3. g3 Nf6 4. d3 Bg7 5. Bg2 O-O 6. O-O c5 7. c3 Nc6 8. Na3 b6
9. Qa4 Bb7 10. e4 Qd7 11. Qc2 Rac8 12. Nh4 d4 13. f5 Ne5 14. Bf4 Nfg4 15. Rad1
Ne3 16. Bxe3 dxe3 17. Qe2 Ba6 18. Qxe3 Nxd3 19. e5 Bxe5 20. Rxd3 Bxd3 1/2-1/2